000 00744nam a22002057a 4500
001 129913
003 ES-SlBCS
005 20260312094333.0
008 260312b ||||| |||| 00| 0 spa d
017 _aM 2035-2024
020 _a978-84-8440-711-9
040 _aES-SlBCS
_bspa
_dES-SlBCS
100 1 _aRomán Martínez, Carmen (coord.) - Mariño Rico, Águeda - Martínez Higueras, Mariela
_9429371
245 1 _aTú tienes mucho que ver. Somos oportunidad. Somos esperanza. Cuaresma y Pascua 2024.
_bGuiones litúrgicos Ciclo A
_cCARITAS
260 _aMadrid
_bCARITAS Española
_c2024
300 _a288 p.,
_c21 cm.
490 0 _aGuiones litúrgicos Ciclo B
650 0 _aLITURGIA
_vGuiones litúrgicos
_xCiclo B
_9429392
942 _2lcc
_cBK
999 _c904033
_d904033